Creativity and academic achievement

Bibliographic Details
Main Author: Ananda Kumar Palaniappan
Format: Book
Published: Selangor : Karisma Publications , 2005
Subjects:

MARC

LEADER 00000cam a2200000 7i4500
001 0000026286
005 20090506.0
008 090506
020 |a 9831951166 
090 0 0 |a 370.118070595   |b ANA 
100 1 |a Ananda Kumar Palaniappan 
245 1 0 |a Creativity and academic achievement   |c Ananda Kumar Palaniappan 
260 |a Selangor :   |b Karisma Publications ,   |c 2005 
650 0 |a Academic achievement   |x reasearch   |z Malaysia 
650 0 |a Creative ability   |x reasearch   |z Malaysia 
650 0 |a Creative thinking   |x reasearch   |z Malaysia 
650 0 |a Education   |x reasearch   |z Malaysia 
999 |a 0000936625   |b Book   |c Adult Collection   |e Cawangan Bandar Tenggara 
999 |a 0001025285   |b Book   |c Adult Collection   |e Perbadanan Perpustakaan Awam Johor 
999 |a 0001025286   |b Book   |c Adult Collection   |e Cawangan Mersing 
999 |a 0001025287   |b Book   |c Adult Collection   |e Perbadanan Perpustakaan Awam Johor